| 000 | 00563nam a22001937a 4500 | ||
|---|---|---|---|
| 999 |
_c526853 _d526853 |
||
| 003 | NUST | ||
| 020 |
_a978-969-8957-05-7 _qHBK |
||
| 038 | _aFaiza | ||
| 082 |
_a891.421 _bAMR |
||
| 100 |
_aPreetam, Amrita _917848 |
||
| 245 |
_aKaghaz ty Kanwas / _cAmrita Preetam |
||
| 250 | _a2nd ed. | ||
| 260 |
_aLahore : _bSanjh Publications, _c2013. |
||
| 300 | _a527 p. ; | ||
| 880 |
_6100-01\r _aامرتا پریتم |
||
| 880 |
_6245-02\r _aکاغذ تے کینوس / |
||
| 880 |
_6260-03\r _aلاہور : _bسانجھ پبلیکیشنز, _c۲۰۱۳. |
||
| 942 |
_2ddc _cBK |
||